Epheserbrief, Kolosserbrief

Uloženo v:
Podrobná bibliografie
Hlavní autor: Hoppe, Rudolf (Autor)
Médium: Kniha
Jazyk:němčina
Vydáno: Stuttgart Verlag Katholisches Bibelwerk 1987
Edice:Stuttgarter Kleiner Kommentar. Neues Testament, 10
Témata:
Tagy: Přidat tag
Žádné tagy, Buďte první, kdo vytvoří štítek k tomuto záznamu!

MARC

LEADER 00000cam a2200000 a 4500
001 UCE7812
003 CL-VaPUC
008 150710e19870000gw |||||||||||||||||ger|d
020 |a 3460154012 
082 0 4 |a 227  |b HOP  |2 21 
100 |a Hoppe, Rudolf  |e author  |9 580836 
245 1 0 |a Epheserbrief, Kolosserbrief 
300 |a 168 p 
942 |c BK 
945 |d 20150710 13:45:00  |a cmena 
260 |a Stuttgart  |b Verlag Katholisches Bibelwerk  |c 1987 
650 0 |a Epístolas  |9 321181 
650 7 |a EFESIOS Y COLOSENSES  |2 CL-VaPUC  |9 580535 
650 0 |a Nuevo testamento  |9 257604 
583 |a last modification  |c 20150710 13:45:00  |k Rodrigo Vera 
490 0 |a Stuttgarter Kleiner Kommentar. Neues Testament, 10 
999 |c 359831  |d 359829 
952 |0 0  |1 0  |3 erb  |4 0  |6 227_000000000000000_HOP_1987  |7 0  |8 A  |9 469382  |a BIBTEO  |b BIBTEO  |e Casale Rolle, Carlos Ignacio, -2014  |i 5183952  |o 227 HOP 1987  |p 5183952  |r 2025-01-17  |w 2019-11-23  |y BK  |z Catalogado en:20150710  |k ICR